الى هؤلاء الذين يبحثون (Record no. 6657)

MARC details
000 -LEADER
fixed length control field 00624nac a22001691u 4500
008 - FIXED-LENGTH DATA ELEMENTS--GENERAL INFORMATION
fixed length control field 080827s199 ua|r 0|r 00|r000 00| 0d
020 ## - INTERNATIONAL STANDARD BOOK NUMBER
International Standard Book Number 9771991388
082 ## - DEWEY DECIMAL CLASSIFICATION NUMBER
Classification number 133.9
Item number ج و ي
Edition number 22
100 ## - MAIN ENTRY--PERSONAL NAME
Personal name جويللو، آلان
9 (RLIN) 16938
245 ## - TITLE STATEMENT
Title الى هؤلاء الذين يبحثون
Statement of responsibility, etc الان جى يو ؛ ترجمة حسن العسيلى
246 ## - VARYING FORM OF TITLE
Title proper/short title A l'adresse de ceux qui cherchent/
260 ## - PUBLICATION, DISTRIBUTION, ETC. (IMPRINT)
Place of publication, distribution, etc [القاهرة]
Name of publisher, distributor, etc دار صادق,1999
Date of publication, distribution, etc 1999.
300 ## - PHYSICAL DESCRIPTION
Extent 142 ص ؛
Dimensions 24 سم.
511 ## - PARTICIPANT OR PERFORMER NOTE
Participant or performer note Catalogued by: Sara
541 ## - IMMEDIATE SOURCE OF ACQUISITION NOTE
Source of acquisition مكتبة الاسكندرية ؛
942 ## - ADDED ENTRY ELEMENTS (KOHA)
Item type Book - Borrowing
Call number prefix 133.9 ج و ي
Source of classification or shelving scheme Dewey Decimal Classification
Holdings
Withdrawn status Item status Source of classification or shelving scheme Damaged status Not for loan Vendor Home library Current library Shelving location Date acquired Source of acquisition Total Checkouts Total Renewals Full call number Barcode Date last seen Date last borrowed Copy number Koha item type
    Dewey Decimal Classification       Central Library Central Library Lower Floor 02/08/2010 Donation 1 1 133.9 ج ي ي 000008128 15/07/2025 29/04/2018 2 Book - Borrowing
    Dewey Decimal Classification       Central Library Central Library Lower Floor 28/11/2007   2 7 133.9 ج ي ي 000008129 15/07/2025 24/10/2020 1 Book - Borrowing
    Dewey Decimal Classification       Central Library Central Library Lower Floor 19/07/2010   3 21 133.9 ج ي ي 000008127 15/07/2025 16/10/2017   Book - Borrowing